Kia Models by picture - Statistics

General Stats
  • This quiz has been taken 131 times
  • The average score is 7 of 14
Answer Stats
Picture Answer % Correct
Sportage
74%
Stinger
69%
Sorento
65%
Niro
64%
EV6
58%
Carnival
54%
Morning
54%
K5
50%
Seltos
45%
K3
39%
K9
36%
K8
34%
Mohave
27%
Ray
18%
No matching quizzes found
Score Distribution
Percent of People with Each Score
Percentile by Number Answered
Your Score History
You have not taken this quiz